000 00532nam a2200181Ia 4500
999 _c16549
_d16549
003 OSt
005 20200606115937.0
008 190216s9999||||xx |||||||||||||| ||und||
020 _a8190300075
040 _cMESKC library
082 _a613.7046
_bMIS/E
100 _aMishra, Devesh
_9175
245 0 _aEk Sanjeevani Yog Evam Pranayam /
_cDevesh Mishra
260 _bSrishti Sahitya Prakashan,
_c2008.
_aAllahabad
300 _a96p
650 _aHindi
942 _cBK
_2ddc
_h613.7046
_iMIS/E
_k613.7046
_mMIS/E